[Event "SRI-chB (Women)"]
[Site "Colombo"]
[Date "2018.03.02"]
[Round "3"]
[White "De Silva, Shelani"]
[Black "Herath, Sanduni"]
[Result "1/2-1/2"]
[WhiteElo "1575"]
[BlackElo "1451"]
[PlyCount "63"]
[EventDate "2018.03.01"]
[EventType "swiss"]
[EventRounds "10"]
[EventCountry "SRI"]
[SourceTitle "EXT 2019"]
[Source "ChessBase"]
[SourceDate "2018.10.10"]
[SourceVersion "1"]
[SourceVersionDate "2018.10.10"]
[SourceQuality "1"]

1. e4 c5 2. Nf3 d6 3. d4 cxd4 4. Nxd4 Nf6 5. Nc3 a6 6. Bg5 e6 7. f4 Be7 8. Qf3 Qc7 9. 0-0-0 0-0 10. g4 b5 11. Bd3 Bb7 12. Rhe1 Nbd7 13. Qe2 Nc5 14. Bxf6 Bxf6 15. e5 Nxd3+ 16. Rxd3 dxe5 17. fxe5 Bg5+ 18. Kb1 Rac8 19. Ne4 Bh4 20. Nd6 Bxe1 21. Nxc8 Rxc8 22. Qxe1 Qc4 23. Qd1 Rd8 24. Nb3 Rxd3 25. Qxd3 Qxd3 26. cxd3 Bf3 27. g5 Kf8 28. Nc5 a5 29. Kc2 Bd5 30. a3 Ke7 31. Ne4 Bxe4 32. dxe4 1/2-1/2

[Event "SRI-chB (Women)"]
[Site "Malabe"]
[Date "2015.05.19"]
[Round "2"]
[White "Jayaweera, Sayuni Gihansa"]
[Black "Herath, Sanduni"]
[Result "1-0"]
[WhiteElo "1437"]
[BlackElo "1225"]
[PlyCount "127"]
[EventDate "2015.05.19"]
[EventType "swiss"]
[EventRounds "10"]
[EventCountry "SRI"]
[SourceTitle "EXT 2016"]
[Source "ChessBase"]
[SourceDate "2015.10.08"]
[SourceVersion "1"]
[SourceVersionDate "2015.10.08"]
[SourceQuality "1"]

1. d4 d5 2. c4 c6 3. Nf3 Nf6 4. g3 dxc4 5. Bg2 e6 6. 0-0 Bd6 7. Nbd2 b5 8. a4 Bb7 9. e4 Be7 10. Qc2 a6 11. b3 cxb3 12. Nxb3 0-0 13. Nc5 Bxc5 14. dxc5 Qe7 15. Bf4 Rd8 16. Rfd1 Nbd7 17. Bd6 Qe8 18. a5 Rac8 19. Ne5 Nxe5 20. Bxe5 Rxd1+ 21. Rxd1 Rd8 22. Bxf6 gxf6 23. Rd2 Rd7 24. Qd1 Rxd2 25. Qxd2 Qe7 26. Qc3 Qd8 27. e5 fxe5 28. Qxe5 Qd7 29. h4 Qd8 30. h5 Qe7 31. h6 f6 32. Qb8+ Kf7 33. Bf3 Kg6 34. Qd6 Qxd6 35. cxd6 Kf7 36. Bh5+ Kf8 37. Bg6 Bc8 38. Bxh7 Bd7 39. Bg6 f5 40. Bh5 Kg8 41. f4 Kh7 42. Kf2 Kxh6 43. Bf3 Kg6 44. Ke3 c5 45. Bb7 b4 46. Bxa6 Bc6 47. Kd3 Kf6 48. Bc4 Bd7 49. a6 Bc6 50. a7 Ba8 51. Bb3 Bc6 52. Kc4 Bd5+ 53. Kxc5 Bxb3 54. a8Q Bd5 55. Qa7 Kg6 56. Kxb4 Kh5 57. d7 Kg4 58. d8Q Kxg3 59. Qg5+ Kf3 60. Qa3+ Kf2 61. Qgg3+ Ke2 62. Qh2+ Bg2 63. Qxg2+ Ke1 64. Qc1# 1-0

[Event "Asian Schools-ch U13 Girls 10th"]
[Site "Taichung"]
[Date "2014.08.26"]
[Round "6.2"]
[White "Herath, Sanduni"]
[Black "Gamage, Nethmi Nirasha"]
[Result "1/2-1/2"]
[WhiteElo "1297"]
[BlackElo "1418"]
[PlyCount "51"]
[EventDate "2014.08.24"]
[EventType "swiss"]
[EventRounds "9"]
[EventCountry "TPE"]
[SourceTitle "EXT 2024"]
[Source "ChessBase"]
[SourceDate "2023.10.10"]
[SourceVersion "1"]
[SourceVersionDate "2023.10.10"]
[SourceQuality "1"]

1. f4 d5 2. e3 g6 3. d4 Nf6 4. Nc3 Bg7 5. Nf3 0-0 6. Bd3 b6 7. 0-0 Bb7 8. Ne2 Nbd7 9. Ng3 e6 10. Qe2 c5 11. Bb5 c4 12. Bxd7 Nxd7 13. Bd2 Ba6 14. Bc3 b5 15. a3 Re8 16. Ne5 Bb7 17. a4 a6 18. axb5 axb5 19. Rxa8 Bxa8 20. Ra1 Nxe5 21. fxe5 Qe7 22. Qe1 Bh6 23. Qd2 Rb8 24. Ra5 Bc6 25. Ra1 Qe8 26. Ra7 1/2-1/2

[Event "Asian Schools-ch U13 Girls 10th"]
[Site "Taichung"]
[Date "2014.08.24"]
[Round "2.2"]
[White "Uchral, Gankhuyag"]
[Black "Herath, Sanduni"]
[Result "1-0"]
[WhiteElo "1642"]
[BlackElo "1297"]
[PlyCount "141"]
[EventDate "2014.08.24"]
[EventType "swiss"]
[EventRounds "9"]
[EventCountry "TPE"]
[SourceTitle "EXT 2024"]
[Source "ChessBase"]
[SourceDate "2023.10.10"]
[SourceVersion "1"]
[SourceVersionDate "2023.10.10"]
[SourceQuality "1"]

1. e4 d5 2. exd5 Qxd5 3. Nc3 Qa5 4. d4 c6 5. Bc4 Nf6 6. Nf3 Bf5 7. Bd2 Qc7 8. Ne5 e6 9. Bf4 Bd6 10. 0-0 0-0 11. Re1 Nbd7 12. Bg3 a6 13. Re3 c5 14. Nxd7 Nxd7 15. dxc5 Bxg3 16. Rxg3 Nxc5 17. Bd3 Rad8 18. Qe2 Nxd3 19. cxd3 Qd6 20. Rd1 Rd7 21. d4 Qb4 22. d5 Rfd8 23. Re3 h6 24. a3 Qe7 25. h3 Rd6 26. Kh2 Qc7 27. Rg3 Bg6 28. Qe5 Qe7 29. Re1 Qf8 30. f4 exd5 31. f5 f6 32. Qf4 Bh5 33. Re6 Rxe6 34. fxe6 Kh8 35. Qc7 Rc8 36. Qxb7 d4 37. Nd5 d3 38. e7 Qe8 39. Qb4 d2 40. Qxd2 Qd7 41. Qa5 Re8 42. Qc5 Rg8 43. Nf4 Bf7 44. Re3 Rc8 45. Qb6 Re8 46. Qb4 Qc7 47. Kh1 Rb8 48. Qd4 Qc1+ 49. Kh2 Be8 50. b4 Qc7 51. g3 Qc2+ 52. Re2 Qc7 53. Qc5 Qxc5 54. bxc5 Rc8 55. Rd2 Rc7 56. Rd8 Rxe7 57. Ng6+ Kg8 58. Nxe7+ Kf7 59. Nf5 Bc6 60. Rd6 Bb7 61. Rd7+ Ke6 62. Rxb7 Kxf5 63. c6 Ke6 64. Rd7 a5 65. Rd2 Ke7 66. c7 Kf7 67. c8Q Kg6 68. Qg4+ Kf7 69. Rd7+ Ke8 70. Qe6+ Kf8 71. Qf7# 1-0